000
00303cam a2200109 4500
008
031121n2004 000 0 eng u
035
_a
(Sirsi) u124430
110
_a
Hemming Information Services
_9
4202
245
_a
Municipal year book 2004
260
_b
Hemming Information Services
_b
2004
942
_n
0
999
_c
103228
_d
103228